Werbeforschung und Praxis
Enregistré dans:
| Format: | Publication en série |
|---|---|
| Langue: | allemand |
| Publié: |
Wien
WWG
|
| Sujets: | |
| Tags: |
Pas de tags, Soyez le premier à ajouter un tag!
|
MARC
| LEADER | 00000nas1a22000001 4500 | ||
|---|---|---|---|
| 001 | s120925 | ||
| 005 | 20250722083023.0 | ||
| 022 | |a 0256-4033 | ||
| 041 | 0 | |a ger | |
| 044 | |a AT | ||
| 245 | 1 | 0 | |a Werbeforschung und Praxis |
| 264 | 1 | |a Wien |b WWG | |
| 610 | 2 | 0 | |a reklama |
| 610 | 2 | 0 | |a výskum |